BSOP header

Institutionalising violence [electronic resource] : (Record no. 52833)

MARC details
000 -LEADER
fixed length control field 02220cam a22003738i 4500
001 - CONTROL NUMBER
control field 22485805
005 - DATE AND TIME OF LATEST TRANSACTION
control field 20240520131409.0
006 - FIXED-LENGTH DATA ELEMENTS--ADDITIONAL MATERIAL CHARACTERISTICS--GENERAL INFORMATION
fixed length control field m |o d |
007 - PHYSICAL DESCRIPTION FIXED FIELD--GENERAL INFORMATION
fixed length control field cr_|||||||||||
008 - FIXED-LENGTH DATA ELEMENTS--GENERAL INFORMATION
fixed length control field 220330s2022 nyu ob 001 0 eng
010 ## - LIBRARY OF CONGRESS CONTROL NUMBER
LC control number 2022005809
020 ## - INTERNATIONAL STANDARD BOOK NUMBER
International Standard Book Number 9780197643716
020 ## - INTERNATIONAL STANDARD BOOK NUMBER
International Standard Book Number 9780197643693
040 ## - CATALOGING SOURCE
Original cataloging agency DLC
Language of cataloging eng
Transcribing agency DLC
Description conventions rda
042 ## - AUTHENTICATION CODE
Authentication code pcc
043 ## - GEOGRAPHIC AREA CODE
Geographic area code f-ua---
100 1# - MAIN ENTRY--PERSONAL NAME
Personal name Drevon, Jerome,
Relator term author.
245 10 - TITLE STATEMENT
Title Institutionalising violence [electronic resource] :
Remainder of title strategies of jihad in Egypt /
Statement of responsibility, etc by Jerome Drevon.
246 3# - VARYING FORM OF TITLE
Title proper/short title Institutionalizing violence
260 ## - PUBLICATION, DISTRIBUTION, ETC. (IMPRINT)
Place of publication, distribution, etc New York, NY :
Name of publisher, distributor, etc Oxford University Press,
Date of publication, distribution, etc c2022.
263 ## - PROJECTED PUBLICATION DATE
Projected publication date 2207
300 ## - PHYSICAL DESCRIPTION
Extent 1 online resource
336 ## - CONTENT TYPE
Content Type Term text
Content Type Code txt
Source rdacontent
337 ## - MEDIA TYPE
Media Type Term computer
Media Type Code c
Source rdamedia
338 ## - CARRIER TYPE
Carrier Type Term online resource
Carrier Type Code cr
Source rdacarrier
504 ## - BIBLIOGRAPHY, ETC. NOTE
Bibliography, etc Includes bibliographical references and index.
505 0# - FORMATTED CONTENTS NOTE
Formatted contents note List of Illustrations<br/>Acknowledgments<br/>List of Abbreviations<br/>Arabic Glossary<br/>Arabic Transliteration<br/>1. Introduction<br/>2. Institutionalizing Violence<br/>3. Two Trajectories to Jihad<br/>4. Strategy Institutionalization<br/>5. Confronting the Regime and Fighting the Far Enemy<br/>6. The Emergence of Non-Violent Political Alternatives<br/>7. Conclusion<br/>Annex: Methodology and Field Research<br/>Bibliography<br/>Index
520 ## - SUMMARY, ETC.
Summary, etc "This chapter presents the analytical framework of this book in the contentious politics research agenda. The book situates jihadi groups in a multilevel environment constituted by their political environment, social movement, the security services, the public, and a potential countermovement. This chapter argues that jihadi groups can successively radicalise in interaction with any of these actors. The first argument is that radicalisation forces them to institutionalise along one dimension. The second argument is that the succession of several phases of radicalisation and institutionalisation shapes their long-term trajectories and strategic choices"--
650 #0 - SUBJECT ADDED ENTRY--TOPICAL TERM
Topical term or geographic name as entry element Radicalization
Geographic subdivision Egypt.
650 #0 - SUBJECT ADDED ENTRY--TOPICAL TERM
Topical term or geographic name as entry element Jihad
Geographic subdivision Egypt.
655 #4 - INDEX TERM--GENRE/FORM
Genre/form data or focus term Electronic books
856 ## - ELECTRONIC LOCATION AND ACCESS
Uniform Resource Identifier <a href="https://drive.google.com/file/d/1bJjRt0JnDSFgLNnt_hZQK_7Q0JCWdize/view?usp=drive_link">https://drive.google.com/file/d/1bJjRt0JnDSFgLNnt_hZQK_7Q0JCWdize/view?usp=drive_link</a>
942 ## - ADDED ENTRY ELEMENTS (KOHA)
Source of classification or shelving scheme Library of Congress Classification
Item type eBooks
Holdings
Withdrawn status Lost status Source of classification or shelving scheme Damaged status Not for loan Home library Current library Date acquired Inventory number Total Checkouts Date last seen Price effective from Koha item type
    Library of Congress Classification     BSOP Library Digital Library 05/20/2024 eB-01134   05/20/2024 05/20/2024 eBooks
BSOP

Biblical Seminary of the Philippines
  All rights Reserved
  © 2024

CONTACT INFORMATION

Biblical Seminary of the Philippines,
  77-B Karuhatan Road, Valenzuela City,
  PHILIPPINES 1441
  Phone: +632 8292-6795 / 8292-6798
  Fax : +632 8292-6675
  Email: library@bsop.edu.ph